000 00592nam a2200217Ia 4500
003 OSt
005 20220925215409.0
006 a|||||r|||| 00| 0
007 ta
008 220923b |||||||| |||| 00| 0 eng d
037 _cGeneral Book
040 _aRTL
_cRTL
_beng
041 _2eng
_aeng
082 _aXn57
100 _aBoulter R
_9282755
245 0 _aOverseas economic surveys
_b New Zealand, Economic and Commercial conditions
260 _aLondon
_bHMSO
_c1950
300 _a160p.
_ccm.
942 _hXn57
_cGB
_2CC
999 _c568698
_d568698